[Event "Turniej Blitza na II Lidze Juniorów 2018"]
[Site "Szczyrk, Poland"]
[Date "????.??.??"]
[Round "4.4"]
[White "Adamski, Jan"]
[Black "Babiarz, Arkadiusz"]
[Result "1-0"]
[TimeControl "3'+2\""]
[WhiteTitle "IM"]
[WhiteElo "2160"]
[BlackElo "1699"]

1. Nf3 {[%clk 00:03:03]} {[%emt 00:00:02]} c5 {[%clk 00:03:04]} 2. c4 {[%clk
00:03:04]} {[%emt 00:00:01]} e6 {[%clk 00:03:05]} 3. g3 {[%clk 00:03:04]}
{[%emt 00:00:01]} Nf6 {[%clk 00:03:05]} {[%emt 00:00:02]} 4. Bg2 {[%clk
00:03:06]} {[%emt 00:00:01]} d5 {[%clk 00:03:05]} {[%emt 00:00:02]} 5. O-O
{[%clk 00:03:05]} {[%emt 00:00:02]} Nc6 {[%clk 00:03:04]} {[%emt 00:00:02]} 6.
cxd5 {[%clk 00:03:06]} {[%emt 00:00:02]} exd5 {[%clk 00:03:05]} 7. d4 {[%clk
00:03:07]} b6 {[%clk 00:03:03]} {[%emt 00:00:04]} 8. Bg5 {[%clk 00:03:06]}
{[%emt 00:00:03]} Be7 {[%clk 00:02:54]} {[%emt 00:00:12]} 9. Nc3 {[%clk
00:03:05]} {[%emt 00:00:02]} h6 {[%clk 00:02:48]} {[%emt 00:00:08]} 10. Bxf6
{[%clk 00:02:50]} {[%emt 00:00:17]} Bxf6 {[%clk 00:02:49]} 11. dxc5 {[%clk
00:02:50]} {[%emt 00:00:02]} Bxc3 {[%clk 00:02:50]} {[%emt 00:00:01]} 12. bxc3
{[%clk 00:02:51]} {[%emt 00:00:02]} bxc5 {[%clk 00:02:51]} 13. Nd2 {[%clk
00:02:13]} {[%emt 00:00:40]} O-O {[%clk 00:02:37]} {[%emt 00:00:15]} 14. c4
{[%clk 00:02:07]} {[%emt 00:00:08]} Be6 {[%clk 00:02:37]} {[%emt 00:00:01]} 15.
Nb3 {[%clk 00:01:59]} {[%emt 00:00:11]} Nb4 {[%clk 00:02:10]} {[%emt 00:00:29]}
16. Nxc5 {[%clk 00:01:56]} {[%emt 00:00:05]} Qa5 {[%clk 00:01:45]} {[%emt
00:00:27]} 17. Nxe6 {[%clk 00:01:50]} {[%emt 00:00:09]} fxe6 {[%clk 00:01:45]}
{[%emt 00:00:01]} 18. a3 {[%clk 00:01:50]} {[%emt 00:00:02]} Na6 {[%clk
00:01:36]} {[%emt 00:00:11]} 19. cxd5 {[%clk 00:01:48]} {[%emt 00:00:04]} e5
{[%clk 00:01:36]} {[%emt 00:00:02]} 20. d6 {[%clk 00:01:32]} {[%emt 00:00:18]}
Rad8 {[%clk 00:01:37]} {[%emt 00:00:01]} 21. Qb3+ {[%clk 00:01:32]} {[%emt
00:00:02]} Kh8 {[%clk 00:01:37]} {[%emt 00:00:03]} 22. Rad1 {[%clk 00:01:32]}
{[%emt 00:00:02]} Nc5 {[%clk 00:01:37]} {[%emt 00:00:01]} 23. Qc4 {[%clk
00:01:22]} {[%emt 00:00:11]} Rf6 {[%clk 00:01:18]} {[%emt 00:00:21]} 24. Rd5
{[%clk 00:01:19]} {[%emt 00:00:06]} Qxa3 {[%clk 00:01:13]} {[%emt 00:00:07]} 25.
Qxc5 {[%clk 00:01:09]} {[%emt 00:00:12]} Qxc5 {[%clk 00:01:12]} {[%emt
00:00:04]} 26. Rxc5 {[%clk 00:01:09]} {[%emt 00:00:01]} Rfxd6 {[%clk 00:01:13]}
27. Rxe5 {[%clk 00:01:07]} {[%emt 00:00:05]} Rd2 {[%clk 00:01:09]} {[%emt
00:00:07]} 28. Ra1 {[%clk 00:01:00]} {[%emt 00:00:09]} Rd1+ {[%clk 00:01:04]}
{[%emt 00:00:07]} 29. Rxd1 {[%clk 00:01:00]} Rxd1+ {[%clk 00:01:05]} {[%emt
00:00:01]} 30. Bf1 {[%clk 00:01:01]} Ra1 {[%clk 00:01:04]} {[%emt 00:00:04]} 31.
f4 {[%clk 00:01:00]} {[%emt 00:00:03]} a5 {[%clk 00:01:05]} {[%emt 00:00:01]}
32. Kf2 {[%clk 00:01:01]} {[%emt 00:00:02]} a4 {[%clk 00:01:06]} {[%emt
00:00:01]} 33. Bg2 {[%clk 00:01:02]} a3 {[%clk 00:01:07]} 34. Re8+ {[%clk
00:01:02]} {[%emt 00:00:01]} Kh7 {[%clk 00:01:08]} {[%emt 00:00:02]} 35. Be4+
{[%clk 00:01:03]} {[%emt 00:00:01]} g6 {[%clk 00:01:09]} 36. Re7+ {[%clk
00:01:02]} {[%emt 00:00:03]} Kg8 {[%clk 00:01:10]} {[%emt 00:00:02]} 37. Ra7
{[%clk 00:00:58]} {[%emt 00:00:05]} Kf8 {[%clk 00:01:03]} {[%emt 00:00:09]} 38.
Ke3 {[%clk 00:00:59]} {[%emt 00:00:01]} g5 {[%clk 00:00:58]} {[%emt 00:00:08]}
39. f5 {[%clk 00:00:58]} {[%emt 00:00:02]} h5 {[%clk 00:00:57]} {[%emt
00:00:03]} 40. f6 {[%clk 00:00:59]} {[%emt 00:00:02]} h4 {[%clk 00:00:58]}
{[%emt 00:00:01]} 41. Bd5 {[%clk 00:00:57]} {[%emt 00:00:03]} Ke8 {[%clk
00:00:55]} {[%emt 00:00:06]} 42. f7+ {[%clk 00:00:54]} {[%emt 00:00:04]} 1-0

[Event "Turniej Blitza na II Lidze Juniorów 2018"]
[Site "Szczyrk, Poland"]
[Date "????.??.??"]
[Round "4.34"]
[White "Skrzypinski, Jan"]
[Black "Twardowski, Hubert"]
[Result "0-1"]
[TimeControl "3'+2\""]
[WhiteElo "1231"]
[BlackElo "1542"]

1. c3 {[%clk 00:03:02]} {[%emt 00:00:03]} e5 {[%clk 00:03:02]} {[%emt
00:00:02]} 2. d4 {[%clk 00:03:02]} {[%emt 00:00:03]} exd4 {[%clk 00:03:01]}
{[%emt 00:00:02]} 3. cxd4 {[%clk 00:03:03]} {[%emt 00:00:01]} d5 {[%clk
00:03:02]} {[%emt 00:00:01]} 4. Bf4 {[%clk 00:03:03]} {[%emt 00:00:01]} Nf6
{[%clk 00:02:58]} {[%emt 00:00:07]} 5. e3 {[%clk 00:03:04]} {[%emt 00:00:01]}
Bf5 {[%clk 00:02:58]} {[%emt 00:00:01]} 6. Nc3 {[%clk 00:03:04]} {[%emt
00:00:03]} c6 {[%clk 00:02:58]} {[%emt 00:00:02]} 7. Bd3 {[%clk 00:02:48]}
{[%emt 00:00:17]} Bg6 {[%clk 00:02:50]} {[%emt 00:00:10]} 8. Nf3 {[%emt
00:00:04]} Bd6 {[%clk 00:02:50]} {[%emt 00:00:02]} 9. Bg3 {[%clk 00:02:48]}
{[%emt 00:00:01]} O-O {[%clk 00:02:49]} {[%emt 00:00:03]} 10. O-O {[%clk
00:02:47]} {[%emt 00:00:03]} Re8 {[%clk 00:02:49]} {[%emt 00:00:01]} 11. Rc1
{[%clk 00:02:46]} {[%emt 00:00:03]} Bxg3 {[%clk 00:02:49]} {[%emt 00:00:03]} 12.
hxg3 {[%clk 00:02:45]} {[%emt 00:00:02]} Nbd7 {[%clk 00:02:50]} {[%emt
00:00:01]} 13. Bxg6 {[%clk 00:02:38]} {[%emt 00:00:09]} hxg6 {[%clk 00:02:49]}
{[%emt 00:00:03]} 14. Qb3 {[%clk 00:02:38]} {[%emt 00:00:02]} Qb6 {[%clk
00:02:26]} {[%emt 00:00:26]} 15. Qxb6 {[%clk 00:02:26]} {[%emt 00:00:14]} axb6
{[%clk 00:02:14]} {[%emt 00:00:13]} 16. a3 {[%clk 00:02:27]} {[%emt 00:00:01]}
b5 {[%clk 00:02:15]} 17. Rfd1 {[%clk 00:02:18]} {[%emt 00:00:11]} Nb6 {[%clk
00:02:12]} {[%emt 00:00:05]} 18. Ne5 {[%clk 00:02:12]} {[%emt 00:00:08]} Nfd7
{[%clk 00:02:01]} {[%emt 00:00:14]} 19. Nxd7 {[%clk 00:02:11]} {[%emt
00:00:03]} Nxd7 {[%clk 00:02:01]} {[%emt 00:00:01]} 20. Ne2 {[%clk 00:02:00]}
{[%emt 00:00:13]} Nb6 {[%clk 00:01:53]} {[%emt 00:00:10]} 21. Nf4 {[%clk
00:01:59]} {[%emt 00:00:04]} Nc4 {[%clk 00:01:48]} {[%emt 00:00:07]} 22. Rc2
{[%clk 00:01:58]} {[%emt 00:00:03]} g5 {[%clk 00:01:47]} {[%emt 00:00:03]} 23.
Nd3 {[%clk 00:01:58]} {[%emt 00:00:01]} Nd6 {[%clk 00:01:27]} {[%emt 00:00:23]}
24. Nc5 {[%clk 00:01:47]} {[%emt 00:00:12]} Ra7 {[%clk 00:01:20]} {[%emt
00:00:10]} 25. Nd3 {[%clk 00:01:42]} {[%emt 00:00:07]} Ne4 {[%clk 00:01:20]}
{[%emt 00:00:01]} 26. Ne5 {[%clk 00:01:37]} {[%emt 00:00:06]} f6 {[%clk
00:01:17]} {[%emt 00:00:06]} 27. Nd3 {[%clk 00:01:38]} {[%emt 00:00:01]} Kf7
{[%clk 00:01:16]} {[%emt 00:00:03]} 28. g4 {[%clk 00:01:23]} {[%emt 00:00:17]}
g6 {[%clk 00:01:05]} {[%emt 00:00:13]} 29. f3 {[%clk 00:01:22]} {[%emt
00:00:03]} Nd6 {[%clk 00:01:05]} {[%emt 00:00:02]} 30. Kf2 {[%clk 00:01:23]}
{[%emt 00:00:02]} Raa8 {[%clk 00:00:56]} {[%emt 00:00:10]} 31. Nc5 {[%clk
00:01:23]} {[%emt 00:00:02]} Re7 {[%clk 00:00:57]} {[%emt 00:00:02]} 32. Rd3
{[%clk 00:01:13]} {[%emt 00:00:10]} Rae8 {[%clk 00:00:48]} {[%emt 00:00:13]} 33.
g3 {[%clk 00:00:53]} {[%emt 00:00:22]} Nc4 {[%clk 00:00:20]} {[%emt 00:00:30]}
34. Re2 {[%clk 00:00:52]} {[%emt 00:00:03]} Rh8 {[%clk 00:00:20]} {[%emt
00:00:02]} 35. Kg2 {[%clk 00:00:49]} {[%emt 00:00:05]} b6 {[%clk 00:00:17]}
{[%emt 00:00:05]} 36. Nb3 {[%clk 00:00:46]} {[%emt 00:00:04]} Rhe8 {[%clk
00:00:18]} {[%emt 00:00:02]} 37. Kf2 {[%clk 00:00:46]} {[%emt 00:00:02]} f5
{[%clk 00:00:18]} {[%emt 00:00:02]} 38. gxf5 {[%clk 00:00:41]} {[%emt
00:00:07]} gxf5 {[%clk 00:00:19]} {[%emt 00:00:01]} 39. Nd2 {[%clk 00:00:42]}
Nxb2 {[%clk 00:00:17]} {[%emt 00:00:05]} 40. Rb3 {[%clk 00:00:37]} {[%emt
00:00:07]} Nc4 {[%clk 00:00:18]} {[%emt 00:00:02]} 41. Nxc4 {[%clk 00:00:37]}
{[%emt 00:00:01]} dxc4 {[%clk 00:00:16]} {[%emt 00:00:03]} 42. Rc3 {[%clk
00:00:36]} {[%emt 00:00:03]} Ra8 {[%clk 00:00:17]} {[%emt 00:00:01]} 43. Ra2
{[%clk 00:00:31]} {[%emt 00:00:07]} Rea7 {[%clk 00:00:17]} {[%emt 00:00:01]} 44.
e4 {[%clk 00:00:26]} {[%emt 00:00:09]} fxe4 {[%clk 00:00:18]} {[%emt 00:00:01]}
45. fxe4 {[%clk 00:00:25]} {[%emt 00:00:03]} b4 {[%clk 00:00:19]} 46. Rf3+
{[%clk 00:00:24]} {[%emt 00:00:03]} Kg7 {[%clk 00:00:20]} {[%emt 00:00:01]} 47.
a4 {[%clk 00:00:23]} {[%emt 00:00:03]} Rxa4 {[%clk 00:00:20]} {[%emt 00:00:02]}
48. Re2 {[%clk 00:00:20]} {[%emt 00:00:04]} Ra2 {[%clk 00:00:21]} 49. Rxa2
{[%clk 00:00:17]} {[%emt 00:00:05]} Rxa2+ {[%clk 00:00:22]} {[%emt 00:00:01]}
50. Kg1 {[%clk 00:00:18]} b3 {[%clk 00:00:23]} {[%emt 00:00:02]} 51. Rc3 {[%clk
00:00:18]} {[%emt 00:00:02]} b2 {[%clk 00:00:23]} {[%emt 00:00:02]} 52. Kh2
{[%clk 00:00:19]} {[%emt 00:00:02]} b1=Q+ {[%clk 00:00:21]} {[%emt 00:00:03]}
53. Kh3 {[%clk 00:00:17]} {[%emt 00:00:03]} Qh1+ {[%clk 00:00:16]} {[%emt
00:00:07]} 54. Kg4 {[%clk 00:00:19]} {[%emt 00:00:02]} Qxe4+ {[%clk 00:00:16]}
{[%emt 00:00:01]} 55. Kxg5 {[%clk 00:00:18]} {[%emt 00:00:03]} Qxd4 {[%clk
00:00:15]} {[%emt 00:00:03]} 56. Rf3 {[%clk 00:00:18]} {[%emt 00:00:02]} Qd5+
{[%clk 00:00:15]} {[%emt 00:00:02]} 57. Rf5 {[%clk 00:00:19]} Qxf5+ {[%clk
00:00:14]} {[%emt 00:00:03]} 58. Kxf5 {[%clk 00:00:20]} {[%emt 00:00:01]} c3
{[%clk 00:00:16]} 59. g4 {[%clk 00:00:21]} {[%emt 00:00:01]} c2 {[%clk
00:00:17]} 60. Kg5 {[%clk 00:00:22]} {[%emt 00:00:02]} c1=Q+ {[%clk 00:00:16]}
{[%emt 00:00:03]} 61. Kh5 {[%clk 00:00:23]} {[%emt 00:00:01]} Rh2# {[%clk
00:00:16]} {[%emt 00:00:01]} 0-1

[Event "Turniej Blitza na II Lidze Juniorów 2018"]
[Site "Szczyrk, Poland"]
[Date "????.??.??"]
[Round "4.58"]
[White "Uliasz, Katarzyna"]
[Black "Pawlak, Emilia"]
[Result "0-1"]
[TimeControl "3'+2\""]
[WhiteElo "1124"]
[BlackElo "1319"]

1. e4 {[%clk 00:03:03]} c5 2. Nf3 d6 3. Bb5+ {[%emt 00:00:01]} Bd7 {[%emt
00:00:01]} 4. Bxd7+ {[%emt 00:00:01]} Nxd7 5. O-O {[%emt 00:00:02]} Ngf6 {[%clk
00:03:07]} {[%emt 00:00:01]} 6. d3 {[%clk 00:03:08]} {[%emt 00:00:02]} g6
{[%clk 00:03:08]} {[%emt 00:00:01]} 7. h3 {[%clk 00:03:09]} Bg7 {[%clk
00:03:09]} {[%emt 00:00:01]} 8. Nc3 {[%clk 00:03:10]} {[%emt 00:00:01]} O-O
{[%emt 00:00:03]} 9. Be3 {[%emt 00:00:02]} a6 {[%clk 00:03:08]} {[%emt
00:00:03]} 10. a3 b5 {[%emt 00:00:04]} 11. Re1 {[%clk 00:03:07]} {[%emt
00:00:04]} Nb6 {[%clk 00:03:06]} {[%emt 00:00:04]} 12. Ne2 {[%emt 00:00:01]}
Rc8 {[%emt 00:00:05]} 13. Ng3 {[%clk 00:03:08]} {[%emt 00:00:01]} d5 {[%clk
00:03:00]} {[%emt 00:00:06]} 14. exd5 {[%clk 00:03:06]} {[%emt 00:00:04]} Nfxd5
{[%clk 00:03:01]} {[%emt 00:00:01]} 15. c3 {[%emt 00:00:22]} Nxe3 {[%emt
00:00:02]} 16. Rxe3 {[%emt 00:00:02]} Nd5 {[%emt 00:00:03]} 17. Re2 {[%clk
00:02:39]} {[%emt 00:00:09]} Nf4 {[%clk 00:02:55]} {[%emt 00:00:07]} 18. Rd2
{[%clk 00:02:29]} {[%emt 00:00:12]} Qd7 {[%clk 00:02:45]} 19. d4 {[%clk
00:02:25]} {[%emt 00:00:18]} cxd4 {[%clk 00:02:42]} {[%emt 00:00:05]} 20. Nxd4
{[%clk 00:02:25]} Rfd8 {[%clk 00:02:28]} {[%emt 00:00:18]} 21. Nf3 {[%clk
00:02:15]} {[%emt 00:00:13]} Qc7 {[%clk 00:02:24]} {[%emt 00:00:04]} 22. Kh2
{[%clk 00:02:03]} {[%emt 00:00:15]} Bh6 {[%clk 00:02:14]} {[%emt 00:00:12]} 23.
Rxd8+ {[%clk 00:02:00]} {[%emt 00:00:06]} Rxd8 {[%clk 00:02:14]} {[%emt
00:00:01]} 24. Qb3 {[%clk 00:01:43]} {[%emt 00:00:18]} Nh5 {[%clk 00:02:05]}
{[%emt 00:00:12]} 25. Rd1 {[%clk 00:01:17]} {[%emt 00:00:28]} Rxd1 {[%emt
00:00:07]} 26. Qxd1 {[%emt 00:00:02]} Bf4 {[%clk 00:01:59]} {[%emt 00:00:03]}
27. Kh1 {[%clk 00:00:53]} {[%emt 00:00:26]} Nxg3+ {[%clk 00:01:57]} {[%emt
00:00:04]} 28. fxg3 {[%clk 00:00:54]} Bxg3 {[%clk 00:01:58]} {[%emt 00:00:02]}
29. Ng5 {[%clk 00:00:34]} {[%emt 00:00:21]} Qd6 {[%clk 00:01:50]} {[%emt
00:00:10]} 30. Qf1 {[%clk 00:00:28]} {[%emt 00:00:07]} Qf4 {[%clk 00:01:47]}
{[%emt 00:00:04]} 31. Qxf4 {[%clk 00:00:20]} {[%emt 00:00:13]} Bxf4 {[%clk
00:01:48]} 32. Ne4 {[%clk 00:00:15]} {[%emt 00:00:06]} Be3 {[%clk 00:01:46]}
{[%emt 00:00:04]} 33. g4 {[%clk 00:00:10]} {[%emt 00:00:07]} Bc1 {[%clk
00:01:32]} {[%emt 00:00:15]} 34. Nc5 {[%emt 00:00:10]} Bxb2 {[%emt 00:00:03]}
35. Nxa6 {[%clk 00:00:03]} {[%emt 00:00:02]} Bxc3 {[%clk 00:01:30]} {[%emt
00:00:03]} 36. Nc7 {[%emt 00:00:03]} e5 {[%emt 00:00:30]} 37. Nxb5 {[%emt
00:00:02]} Ba5 {[%emt 00:00:03]} 38. a4 {[%emt 00:00:02]} 0-1

[Event "Turniej Blitza na II Lidze Juniorów 2018"]
[Site "Szczyrk, Poland"]
[Date "????.??.??"]
[Round "4.39"]
[White "Owoc, Jakub"]
[Black "Topola, Rafal"]
[Result "1-0"]
[TimeControl "3'+2\""]
[WhiteElo "1556"]
[BlackElo "1244"]

1. g3 {[%clk 00:03:03]} d5 {[%clk 00:03:02]} {[%emt 00:00:03]} 2. Bg2 {[%clk
00:03:04]} e5 {[%clk 00:03:03]} {[%emt 00:00:01]} 3. d3 {[%clk 00:03:05]}
{[%emt 00:00:01]} c6 {[%clk 00:03:04]} {[%emt 00:00:01]} 4. Nd2 {[%clk
00:03:02]} {[%emt 00:00:04]} Nf6 {[%clk 00:03:04]} {[%emt 00:00:02]} 5. e4
{[%clk 00:03:03]} {[%emt 00:00:01]} Bd6 {[%clk 00:03:01]} {[%emt 00:00:05]} 6.
Ne2 {[%clk 00:03:02]} {[%emt 00:00:03]} Nbd7 {[%clk 00:02:57]} {[%emt
00:00:07]} 7. O-O {[%clk 00:03:01]} {[%emt 00:00:02]} Nb6 {[%clk 00:02:58]}
{[%emt 00:00:02]} 8. f4 {[%clk 00:03:02]} {[%emt 00:00:01]} O-O {[%clk
00:02:54]} {[%emt 00:00:05]} 9. fxe5 {[%clk 00:02:51]} {[%emt 00:00:13]} Bxe5
{[%clk 00:02:55]} {[%emt 00:00:02]} 10. Nf3 {[%clk 00:02:52]} {[%emt 00:00:01]}
Bc7 {[%clk 00:02:53]} {[%emt 00:00:04]} 11. exd5 {[%clk 00:02:45]} {[%emt
00:00:09]} Nbxd5 {[%clk 00:02:53]} {[%emt 00:00:01]} 12. Nc3 {[%clk 00:02:37]}
{[%emt 00:00:10]} Bb6+ {[%clk 00:02:52]} {[%emt 00:00:04]} 13. Kh1 {[%clk
00:02:37]} {[%emt 00:00:01]} Ne3 {[%clk 00:02:49]} {[%emt 00:00:05]} 14. Bxe3
{[%clk 00:02:37]} {[%emt 00:00:02]} Bxe3 {[%clk 00:02:50]} {[%emt 00:00:02]} 15.
h3 {[%clk 00:02:27]} {[%emt 00:00:12]} Be6 {[%clk 00:02:45]} {[%emt 00:00:07]}
16. Ne4 {[%clk 00:02:26]} {[%emt 00:00:02]} Nxe4 {[%clk 00:02:40]} {[%emt
00:00:07]} 17. dxe4 {[%clk 00:02:27]} {[%emt 00:00:01]} Qxd1 {[%clk 00:02:38]}
{[%emt 00:00:05]} 18. Raxd1 {[%clk 00:02:28]} Rad8 {[%clk 00:02:37]} {[%emt
00:00:03]} 19. b3 {[%clk 00:02:19]} {[%emt 00:00:11]} Bb6 {[%clk 00:02:37]}
{[%emt 00:00:02]} 20. Rd3 {[%clk 00:02:17]} {[%emt 00:00:03]} Bc7 {[%clk
00:02:36]} {[%emt 00:00:03]} 21. Kh2 {[%clk 00:02:17]} {[%emt 00:00:03]} Rxd3
{[%clk 00:02:35]} {[%emt 00:00:03]} 22. cxd3 {[%clk 00:02:18]} Rd8 {[%clk
00:02:36]} {[%emt 00:00:01]} 23. Rd1 {[%clk 00:02:18]} {[%emt 00:00:01]} f5
{[%clk 00:02:25]} {[%emt 00:00:13]} 24. e5 {[%clk 00:02:04]} {[%emt 00:00:16]}
h6 {[%clk 00:02:25]} {[%emt 00:00:03]} 25. Ng1 {[%clk 00:01:51]} {[%emt
00:00:15]} Bxe5 {[%clk 00:02:20]} {[%emt 00:00:06]} 26. Re1 {[%clk 00:01:52]}
{[%emt 00:00:02]} Bf6 {[%clk 00:02:05]} {[%emt 00:00:17]} 27. Rxe6 {[%clk
00:01:52]} {[%emt 00:00:02]} Rxd3 {[%clk 00:02:05]} {[%emt 00:00:02]} 28. Re2
{[%clk 00:01:49]} {[%emt 00:00:04]} Kf7 {[%clk 00:02:04]} {[%emt 00:00:04]} 29.
Nf3 {[%clk 00:01:45]} {[%emt 00:00:05]} Rd7 {[%clk 00:01:54]} {[%emt 00:00:11]}
30. g4 {[%clk 00:01:40]} {[%emt 00:00:08]} f4 {[%clk 00:01:55]} {[%emt
00:00:02]} 31. h4 {[%clk 00:01:37]} {[%emt 00:00:04]} Rd1 {[%clk 00:01:46]}
{[%emt 00:00:11]} 32. g5 {[%clk 00:01:34]} {[%emt 00:00:05]} hxg5 {[%clk
00:01:42]} {[%emt 00:00:06]} 33. hxg5 {[%clk 00:01:30]} {[%emt 00:00:06]} Bd8
{[%clk 00:01:41]} {[%emt 00:00:02]} 34. Re4 {[%clk 00:01:24]} {[%emt 00:00:08]}
Bc7 {[%clk 00:01:38]} {[%emt 00:00:06]} 35. Kh3 {[%clk 00:01:20]} {[%emt
00:00:05]} Rd8 {[%clk 00:01:31]} {[%emt 00:00:10]} 36. Kg4 {[%clk 00:01:19]}
{[%emt 00:00:03]} g6 {[%clk 00:01:27]} {[%emt 00:00:06]} 37. Bf1 {[%clk
00:01:21]} b5 {[%clk 00:01:24]} {[%emt 00:00:05]} 38. Nd4 {[%clk 00:00:57]}
{[%emt 00:00:26]} a6 {[%clk 00:00:57]} {[%emt 00:00:29]} 39. Nxc6 {[%clk
00:00:55]} {[%emt 00:00:04]} Rd7 {[%clk 00:00:56]} {[%emt 00:00:02]} 40. Ne5+
{[%clk 00:00:46]} {[%emt 00:00:12]} Bxe5 {[%clk 00:00:57]} {[%emt 00:00:01]} 41.
Rxe5 {[%clk 00:00:47]} {[%emt 00:00:01]} Rd2 {[%clk 00:00:57]} {[%emt
00:00:02]} 42. Re2 {[%clk 00:00:48]} {[%emt 00:00:01]} Rd1 {[%clk 00:00:57]}
{[%emt 00:00:02]} 43. Bg2 {[%clk 00:00:47]} {[%emt 00:00:02]} Rd4 {[%clk
00:00:55]} {[%emt 00:00:04]} 44. Be4 {[%clk 00:00:46]} {[%emt 00:00:03]} f3
{[%clk 00:00:49]} {[%emt 00:00:08]} 45. Kxf3 {[%clk 00:00:47]} {[%emt
00:00:02]} a5 {[%clk 00:00:49]} {[%emt 00:00:02]} 46. Ke3 {[%clk 00:00:47]} Rd6
{[%clk 00:00:47]} {[%emt 00:00:04]} 47. Rf2+ {[%clk 00:00:48]} {[%emt
00:00:01]} Kg7 {[%clk 00:00:48]} {[%emt 00:00:02]} 48. Bd3 {[%clk 00:00:40]}
{[%emt 00:00:10]} Re6+ {[%clk 00:00:40]} {[%emt 00:00:09]} 49. Kd2 {[%clk
00:00:40]} {[%emt 00:00:02]} Rd6 {[%clk 00:00:41]} {[%emt 00:00:02]} 50. Kc3
{[%clk 00:00:33]} {[%emt 00:00:08]} Rd5 {[%clk 00:00:41]} {[%emt 00:00:02]} 51.
Rg2 {[%clk 00:00:29]} {[%emt 00:00:07]} Rd6 {[%clk 00:00:32]} {[%emt 00:00:11]}
52. Bxb5 {[%clk 00:00:29]} {[%emt 00:00:02]} Rd1 {[%clk 00:00:31]} {[%emt
00:00:02]} 53. Bd3 {[%clk 00:00:23]} {[%emt 00:00:08]} Re1 {[%clk 00:00:30]}
{[%emt 00:00:02]} 54. Re2 {[%clk 00:00:22]} {[%emt 00:00:05]} Rg1 {[%clk
00:00:28]} {[%emt 00:00:03]} 55. Re5 {[%clk 00:00:23]} {[%emt 00:00:02]} Rg3
{[%clk 00:00:27]} {[%emt 00:00:03]} 56. Rxa5 {[%clk 00:00:22]} {[%emt
00:00:03]} Kf7 {[%clk 00:00:25]} {[%emt 00:00:03]} 57. Kd4 {[%clk 00:00:19]}
{[%emt 00:00:05]} Rg4+ {[%clk 00:00:25]} {[%emt 00:00:02]} 58. Ke3 {[%clk
00:00:19]} {[%emt 00:00:02]} Rg3+ {[%clk 00:00:26]} {[%emt 00:00:01]} 59. Ke2
{[%clk 00:00:20]} {[%emt 00:00:02]} Ke6 {[%clk 00:00:17]} {[%emt 00:00:09]} 60.
Bxg6 {[%clk 00:00:18]} {[%emt 00:00:06]} Rg2+ {[%clk 00:00:17]} {[%emt
00:00:01]} 61. Kf3 {[%clk 00:00:18]} {[%emt 00:00:02]} Rd2 {[%clk 00:00:16]}
{[%emt 00:00:02]} 62. Be4 {[%clk 00:00:15]} {[%emt 00:00:06]} Ke7 {[%clk
00:00:16]} {[%emt 00:00:02]} 63. Ke3 {[%clk 00:00:16]} {[%emt 00:00:01]} Rh2
{[%clk 00:00:15]} {[%emt 00:00:03]} 64. Ra7+ {[%clk 00:00:17]} {[%emt
00:00:01]} Kd6 {[%clk 00:00:16]} {[%emt 00:00:02]} 65. g6 {[%clk 00:00:18]}
{[%emt 00:00:02]} Rh6 {[%clk 00:00:15]} {[%emt 00:00:01]} 66. g7 {[%clk
00:00:18]} {[%emt 00:00:03]} Re6 {[%clk 00:00:15]} 67. g8=Q {[%clk 00:00:17]}
{[%emt 00:00:03]} Rxe4+ {[%clk 00:00:16]} {[%emt 00:00:02]} 68. Kxe4 {[%clk
00:00:16]} {[%emt 00:00:03]} Kc5 {[%clk 00:00:17]} 69. Qd5+ {[%clk 00:00:17]}
{[%emt 00:00:01]} Kb4 {[%clk 00:00:18]} 70. Qc4# {[%clk 00:00:17]} {[%emt
00:00:02]} 1-0